|
|
|
|
| LEADER |
01025nam a22003258a 4500 |
| 001 |
00037180 |
| 005 |
20171026081025.0 |
| 008 |
170508s2008 ||||||viesd |
| 020 |
|
|
|c 33500
|
| 041 |
0 |
# |
|a vie
|
| 082 |
1 |
4 |
|a 959.701
|b M458S
|
| 100 |
1 |
# |
|a Nguyễn, Cảnh Minh
|
| 245 |
0 |
0 |
|a Một số chuyên đề cổ trung đại Việt Nam
|c Nguyễn Cảnh Minh; Đào Tố Uyên
|
| 260 |
# |
# |
|a Hà Nội
|b Đại học Sư Phạm
|c 2008
|
| 300 |
# |
# |
|a 184tr.
|c 24 cm.
|
| 653 |
# |
# |
|a Cổ trung Đại
|
| 653 |
# |
# |
|a Việt Nam
|
| 653 |
# |
# |
|a Nghiên cứu
|
| 653 |
# |
# |
|a Lịch sử
|
| 700 |
1 |
# |
|a Đào Tố Uyên
|
| 852 |
# |
# |
|b Kho mượn
|j KM.0021088, KM.0021089, KM.0021090, KM.0021091
|
| 852 |
# |
# |
|j KM.0021088
|j KM.0021090
|j KD.0019991
|j KM.0021089
|j KM.0021091
|
| 852 |
# |
# |
|b Kho đọc
|j KD.0019991
|
| 910 |
|
|
|d 08/05/2017
|
| 980 |
# |
# |
|a Trung tâm Học liệu Lê Vũ Hùng, Trường Đại học Đồng Tháp
|